México: Crisis, redespliegue capitalista y luchas democráticas /
Guardat en:
| Autor principal: | |
|---|---|
| Format: | Llibre |
| Idioma: | Spanish |
| Publicat: |
México:
Editorial Edicol,
1980
|
| Etiquetes: |
Afegir etiqueta
Sense etiquetes, Sigues el primer a etiquetar aquest registre!
|
MARC
| LEADER | 00000nam a22000007a 4500 | ||
|---|---|---|---|
| 003 | cru CIDCACS/IIS | ||
| 005 | 20240708132840.0 | ||
| 008 | 240708b1980 mx ||||| |||| 00| 0 spa d | ||
| 020 | |a 968-408-064-6 | ||
| 040 | |a cru CIDCACS/IIS |b spa |c cru CIDCACS/IIS | ||
| 100 | 1 | |a Danel, Fernando |9 12242 | |
| 245 | 1 | |a México: |b Crisis, redespliegue capitalista y luchas democráticas / |c Fernando Danel |h [impreso] | |
| 260 | |a México: |b Editorial Edicol, |c 1980 | ||
| 300 | |a 155-208 páginas | ||
| 650 | 0 | 7 | |0 TESAUROS |2 TESAUROS |
| 773 | 0 | |0 45882 |9 11336 |a Portantiero, Juan Carlos |d México: Editorial Edicol, 1980 |o 08253 |t América Latina: |z 968-408-064-6 | |
| 942 | |2 z |c LI |h <script>document.querySelector('[id^="tag_090_subfield_a"]').value</script> |6 SCRIPTDOCUMENTQUERYSELECTORIDTAG_090_SUBFIELD_AVALUESCRIPT | ||
| 999 | |c 45888 |d 45888 | ||



